• 首页
  • 本馆介绍
  • 公告通知
  • 最新文献
  • 馆藏检索
  • 电子资源
  • 读者导购
  • 参考咨询
  • 我的图书馆
  • 登录
  • 详细信息显示
  • 放入我的书架
  • 预约/预借图书
  • 作者相关作品
  • 分类相关作品
  • 丛书相关作品
  • 出版社相关作品

书目信息

  • 表格格式
  • 工作单格式
  • 卡片格式
题名:
生态旅游的绿色实践
    
 
作者: 杨桂华 编译 ;中国人与生物圈国家委员会秘书处 编译
分册:  
出版信息: 北京   科学出版社  2000
页数: 160页
开本: 32开
丛书名:
单 册:
中图分类: F590.3
科图分类:
主题词: 生态--旅游--经济管理 , 自然环境--环境管理 , 旅游经济
电子资源:
ISBN: 7-03-008755-0
000 00769nam0 2200229 45
001 0211190923
005 20031219104100.6
010    @a7-03-008755-0@dCNY14.00
100    @a20021119d2000 km y0chiy0120 ea
101 0  @achi
105    @aa z 000yy
200 1  @a生态旅游的绿色实践@ASheng Tai Lu You De Lu Se Shi Jian@f中国人与生物圈国家委员会秘书处,杨桂华编译@FZhong Guo Ren Yu Sheng Wu Quan Guo Jia Wei Yuan Hui Mi Shu Chu,Yang Gui Hua Bian Yi
210    @a北京@c科学出版社@d2000
215    @a160页@d32开
606 0  @a生态@x旅游@x经济管理
606 0  @a自然环境@x环境管理
606 0  @a旅游经济
690    @aF590.3@v4
701  0 @a杨桂华@4编译
711 02 @a中国人与生物圈国家委员会秘书处@4编译
801    @aCN@bTSTC@c20021119
905    @b317864-871@dF590.3@e24@f8
    
    生态旅游的绿色实践/中国人与生物圈国家委员会秘书处,杨桂华编译.-北京:科学出版社,2000
    160页;32开
    
    
    ISBN 7-03-008755-0:CNY14.00
    
●
相关链接 在E读中查询图书 在五车中查询图书 在当当中查询图书 在豆瓣中查询图书


正题名:生态旅游的绿色实践     索取号:F590.3/24         预约/预借

序号 登录号 条形码 馆藏地/架位号 状态 备注
1 0317864   203178649   密集书库/ [索取号:F590.3/24] 在馆    
2 0317865   203178658   第一借阅区/ [索取号:F590.3/24] 在馆    
3 0317866   203178667   第一借阅区/ [索取号:F590.3/24] 在馆    
4 0317867   203178676   密集书库/ [索取号:F590.3/24] 在馆    
5 0317868   203178685   第一借阅区/ [索取号:F590.3/24] 在馆    
6 0317869   203178694   第一借阅区/ [索取号:F590.3/24] 在馆    
7 0317870   203178701   密集书库/ [索取号:F590.3/24] 在馆    
8 0317871   203178710   第一样本阅览室/ [索取号:F590.3/24] 在馆    
唐山师范学院图书馆 欢迎您!
大连网信软件有限公司© 版权所有